حكومة مدنية... أم دينية ؟! / (Record no. 14388)
[ view plain ]
| 000 -الفاتح | |
|---|---|
| حقل البيانات ثابتة الطول | 00850nam a22001817a 4500 |
| 008 - عناصر البيانات ثابتة الطول - معلومات عامة | |
| حقل البيانات ثابتة الطول | 100706t1996 xxu||||| |||| 00| 0 ara d |
| 020 ## - الرقم الدولى المعيارى للكتب | |
| الرقم الدولى المعيارى للكتاب | 9770147230 |
| 082 ## - رقم تصنيف ديوى العشرى | |
| رقم الطبعة | 22 |
| رقم التصنيف | 364.131 |
| رقم المادة | ط و ي |
| 100 1# - المدخل الرئيسى - إسم شخصى | |
| 9 (RLIN) | 15940 |
| الإسم الشخصى | الطويلة، عبد الستار |
| 245 ## - بيان العنوان | |
| العنوان | حكومة مدنية... أم دينية ؟! / |
| بيان المسئوليه,etc | عبد الستار الطويلة. |
| 260 ## - PUBLICATION, DISTRIBUTION, ETC. (IMPRINT) | |
| مكان الناشر او الموزع | القاهرة : |
| اسم الناشر او الموزع | الهيئة المصرية العامة للكتاب ، |
| تاريخ النشر أو التوزيع | 1996. |
| 300 ## - الوصف المادى | |
| التعداد | 614 ص : |
| أبعاد الوعاء | 24 سم. |
| 541 ## - تبصرة المصدر المباشر للتزويد | |
| مصدر التزويد | ألف باء ؛ |
| طريقة التزويد | شراء ؛ |
| 650 0# - المدخل الاضافى بالموضوع-مصطلح موضوعى | |
| 9 (RLIN) | 15550 |
| مصطلح موضوعي أو اسم جغرافي كعنصر مدخل | الإرهاب |
| مصطلح موضوعي تابع لاسم جغرافي كعنصر مدخل | مصر |
| 650 0# - المدخل الاضافى بالموضوع-مصطلح موضوعى | |
| 9 (RLIN) | 8614 |
| مصطلح موضوعي أو اسم جغرافي كعنصر مدخل | -السياسة |
| التقسيم الفرعي العام | مقالات ومحاضرات. |
| 942 ## - عناصر المدخل الإضافي( كوها) | |
| مصدر التصنيف او مخطط الترفيف | Dewey Decimal Classification |
| Koha [default] item type | Book - Borrowing |
| حالة التراجع | حالة الفقد | مصدر التصنيف او خطة الترفيف | حالة تلف | ليس للاعارة | مجموعات كوها | المكان الدائم | المكان الحالي | موقع الترفيف | تاريخ الاكتساب | Source of acquisition | رقم الاستدعاء | الباركود | Date last seen | مُعار | نوع الوعاء |
|---|---|---|---|---|---|---|---|---|---|---|---|---|---|---|---|
| Dewey Decimal Classification | Alef-Baa | Central Library | Central Library | First floor | 06/07/2010 | 364.131 ط و ي | 000021335 | 15/07/2025 | 06/04/2011 | Book - Borrowing |